00497nam a22001697a 450000500170000000800410001702000190005802200150007704100130009208200130010510000410011824500570015925000200021626000350023630000310027165000250030220231205073930.0231205b |||||||| |||| 00| 0 eng d a9780409023862  a0409004480 aEnglish  a349 JOU  aJoubert, WA and Faris, JA lEnglish  aThe Law of South Africa / cWA Joubert and JA Faris  aSecond Edition  aDurban : bLexisNexis, c2007  bvii, 244 pages ; c26 cm.  aLegal practice bLaw